000 00700nam a2200229Ia 4500
001 16990
003 GE_BSU
008 181216s||||||||xx |||||||||||||| ||und||
040 _cGE_BSU
080 _a821.353.1-32
100 _aბერაძე, გივი
245 _aსაწყალი დელფინები
245 _bმოთხრობები
245 _cრედ.ლ.თურმანიძე
260 _aთბილისი
260 _bმერანი
260 _c1981
300 _a121გვ. : პორტრ. ; 15სმ
653 _aმოთხრობები
653 _aსაწყალი დელფინები
942 _cBK
999 _c50052
_d50052